000 00263 a2200133 4500
001 194795
040 _cMagnum
100 _aAlencar, José de
240 1 0 _aA viuvinha
_lpor
245 1 0 _aA viuvinha
300 _a47
697 _aLITERATURA GERAL
942 _cBK
999 _c194795
_d194795